Código civil de la república argentina-2001 /

Guardado en:
Formato: Libro
Publicado: Buenos Aires : Zaval¡a, 2001
Etiquetas: Agregar Etiqueta
Sin Etiquetas, Sea el primero en etiquetar este registro!
LEADER 00393nam a22001335a 4500
001 CEM.cems010713
005 20060214000000.0
008 130507s2001##################000#0#####d
003 CEMS
082 0 4 |a CD346 
245 0 0 |a Código civil de la república argentina-2001 / 
260 |a Buenos Aires :  |b Zaval¡a,  |c 2001 
300 |a 1619 p.1 
859 |a CEMS  |b BIB. CEMS - 11 de abril  |h CD346  |i AR37-3/2001  |p 1804.44  |t Ej.1